00573nam a2200121Ia 4500008004100000100002900041245014100070245002800211260000900239300003500248440004900283650011900332171207s9999 xx 000 0 und d aMcMonigle, Mary Ellen A. aIdentifying Attitudes and Behaviors in Intimate Relationships: Psychometric Properties of the Relationship Evaluation and Analysis Link  cMary Ellen A. McMonigle c2017 apages 203-212, April-June 2017 aJournal of Creativity in Mental Healthv12:2 aCognitive complexity, communication, counseling, creativity in counseling, healthy relationships, intimacy, sexual